|
|
|
|
| LEADER |
01918nam a2200421 a 4500 |
| 001 |
33277 |
| 003 |
BD-DhAAL |
| 005 |
20250625114935.0 |
| 008 |
180709t2001 ii a b 001 0 eng |
| 010 |
|
|
|a 2005310237
|
| 020 |
|
|
|a 9843201280
|
| 025 |
|
|
|a B-E-2005-310237; 18
|
| 040 |
|
|
|a DLC
|c DLC
|d DLC
|d BD-DhAAL
|
| 042 |
|
|
|a lcode
|
| 043 |
|
|
|a a-bg---
|
| 050 |
0 |
0 |
|a QK86.B3
|b R43 2001
|
| 082 |
|
|
|a 581.634095492
|
| 245 |
0 |
0 |
|a Red data book of vascular plants of Bangladesh /
|c edited by M. Salar Khan, M. Matiur Rahman and M. Arshad Ali.
|
| 246 |
1 |
5 |
|a Contract research project on studies to prepare a comprehensive inventory of threatened plants of Bangladesh and to publish a red data book of vascular plants
|
| 260 |
|
|
|a Dhaka :
|b Bangladesh National Herbarium,
|c 2001.
|
| 300 |
|
|
|a 179 pages :
|b some color illustrations ;
|c 25 cm.
|
| 500 |
|
|
|a "Bangladesh Agricultural Research Council"--Added t.p.
|
| 504 |
|
|
|a Includes bibliographical references and index.
|
| 526 |
|
|
|a ARC
|
| 541 |
|
|
|a Department of Architecture
|e 33277
|
| 650 |
|
0 |
|a Medicinal plants
|z Bangladesh.
|9 11728
|
| 650 |
|
0 |
|a Endangered plants
|z Bangladesh.
|9 26810
|
| 650 |
|
0 |
|a Rare plants
|z Bangladesh.
|9 26811
|
| 650 |
|
0 |
|a Plant conservation
|z Bangladesh.
|9 26836
|
| 700 |
1 |
|
|a Khan, Md. Salar.
|9 26813
|
| 700 |
1 |
|
|a Rahman, M. Matiur.
|9 26814
|
| 700 |
1 |
|
|a Ali, M. Arshad.
|9 26815
|
| 710 |
2 |
|
|a Bangladesh National Herbarium.
|9 26816
|
| 710 |
2 |
|
|a Bāṃlādeśa Kr̥shi Gabeshaṇā Kāunsila.
|9 26817
|
| 852 |
|
|
|a Department of Architecture
|c General Stacks
|
| 942 |
|
|
|2 ddc
|c BK
|
| 999 |
|
|
|c 39632
|d 39632
|
| 952 |
|
|
|0 0
|1 1
|2 ddc
|4 0
|6 581_634095492000000_RED
|7 0
|9 63651
|a ARC
|b ARC
|c GEN
|d 2018-07-09
|e Department of Architecture
|l 0
|o 581.634095492 RED
|p 3010033277
|r 2018-07-09
|t 1
|w 2018-07-09
|y BK
|x lost from the ARC department library and approved by the Dean (reasons personal books withdrawn by Hasibul Kabir Sir and Building shifting)
|